Computer graphics for artists : (Record no. 11287)
[ view plain ]
| 000 -LEADER | |
|---|---|
| fixed length control field | 01362cam a22003257a 4500 |
| 001 - CONTROL NUMBER | |
| control field | 15164241 |
| 005 - DATE AND TIME OF LATEST TRANSACTION | |
| control field | 20080726111203.0 |
| 008 - FIXED-LENGTH DATA ELEMENTS--GENERAL INFORMATION | |
| fixed length control field | 080201s2008 enka b 001 0 eng |
| 010 ## - LIBRARY OF CONGRESS CONTROL NUMBER | |
| LC control number | 2008922190 |
| 015 ## - NATIONAL BIBLIOGRAPHY NUMBER | |
| National bibliography number | GBA809365 |
| Source | bnb |
| 016 7# - NATIONAL BIBLIOGRAPHIC AGENCY CONTROL NUMBER | |
| Record control number | 014500738 |
| Source | Uk |
| 020 ## - INTERNATIONAL STANDARD BOOK NUMBER | |
| International Standard Book Number | 9781848001404 (pbk.) |
| 020 ## - INTERNATIONAL STANDARD BOOK NUMBER | |
| International Standard Book Number | 9781848001411 (E- ISBN) |
| 035 ## - SYSTEM CONTROL NUMBER | |
| System control number | (OCoLC)ocn191244389 |
| 040 ## - CATALOGING SOURCE | |
| Original cataloging agency | UKM |
| Transcribing agency | UKM |
| Modifying agency | YDXCP |
| -- | BTCTA |
| -- | BAKER |
| -- | OHX |
| -- | C#P |
| -- | BWX |
| -- | DLC |
| 042 ## - AUTHENTICATION CODE | |
| Authentication code | lccopycat |
| 050 00 - LIBRARY OF CONGRESS CALL NUMBER | |
| Classification number | T385 |
| Item number | .P3676 2008 |
| 082 04 - DEWEY DECIMAL CLASSIFICATION NUMBER | |
| Edition number | 22 |
| Classification number | 006.6 |
| Item number | PAQ |
| 100 1# - MAIN ENTRY--PERSONAL NAME | |
| Personal name | Paquette, Andrew. |
| 9 (RLIN) | 3614 |
| 245 10 - TITLE STATEMENT | |
| Title | Computer graphics for artists : |
| Remainder of title | An introduction / |
| Statement of responsibility, etc | Andrew Paquette. |
| 260 ## - PUBLICATION, DISTRIBUTION, ETC. (IMPRINT) | |
| Place of publication, distribution, etc | London : |
| Name of publisher, distributor, etc | Springer, |
| Date of publication, distribution, etc | c2008. |
| 300 ## - PHYSICAL DESCRIPTION | |
| Extent | xviii, 266 p. : |
| Other physical details | col. ill. ; |
| Dimensions | 24 cm. |
| 504 ## - BIBLIOGRAPHY, ETC. NOTE | |
| Bibliography, etc | Includes bibliographical references and index. |
| 650 #0 - SUBJECT ADDED ENTRY--TOPICAL TERM | |
| Topical term or geographic name as entry element | Computer graphics. |
| 9 (RLIN) | 3615 |
| 856 41 - ELECTRONIC LOCATION AND ACCESS | |
| Materials specified | Table of contents |
| Uniform Resource Identifier | <a href="http://www.loc.gov/catdir/toc/fy0804/2008922190.html">http://www.loc.gov/catdir/toc/fy0804/2008922190.html</a> |
| 942 ## - ADDED ENTRY ELEMENTS (KOHA) | |
| Source of classification or shelving scheme | Dewey Decimal Classification |
| Item type | Book - Borrowing |
| Withdrawn status | Item status | Source of classification or shelving scheme | Damaged status | Not for loan | Vendor | Home library | Current library | Shelving location | Date acquired | Source of acquisition | Cost, normal purchase price | Serial Enumeration / chronology | Total Checkouts | Full call number | Barcode | Date last seen | Koha item type | Total Renewals | Date last borrowed |
|---|---|---|---|---|---|---|---|---|---|---|---|---|---|---|---|---|---|---|---|
| Dewey Decimal Classification | Alahram | Central Library | Central Library | Lower Floor | 13/04/2009 | 376.00 | 374 | 006.6 PAQ | 000015532 | 15/07/2025 | Book - Borrowing | ||||||||
| Dewey Decimal Classification | Alahram | Central Library | Central Library | Lower Floor | 13/04/2009 | 376.00 | 376 | 1 | 006.6 PAQ | 000015540 | 15/07/2025 | Book - Borrowing | 2 | 06/03/2016 |